| 000 | 00542nam a22001457a 4500 | ||
|---|---|---|---|
| 082 | _a621.3 | ||
| 100 | _aZaheer Babar, Muhammad | ||
| 245 |
_aOptimal allocation and sizing of distributed generation sources by using particle swarm optimization. _cMuhammad Zaheer Babar. |
||
| 260 |
_aIslamabad : _bCEME - NUST, _c2016. |
||
| 300 |
_a55p. : ill. ; _c30cm. |
||
| 650 |
_aElectrical Engineering - MS Theses. _926977 |
||
| 700 |
_aSup: Dr. Amer Sohail Kashif. _934769 |
||
| 942 |
_2ddc _cTHE |
||
| 999 |
_c540634 _d540634 |
||